Associe les villes et les pays du monde (facile) - Statistiques

Statistiques générales
  • Ce quiz a été pris 120 fois
  • Le résultat moyen est 16 sur 20
Statistiques - réponses
Ville Pays % Correct
Shanghai Chine
100%
Marrakech Maroc
100%
Le Caire Égypte
98%
Venise Italie
98%
Toronto Canada
96%
San Francisco États-Unis
96%
Montréal Canada
95%
Altanta États-Unis
95%
Rotterdam Pays-Bas
94%
Dakar Sénégal
94%
Sao Paolo Brésil
93%
Séville Espagne
92%
Chicago États-Unis
92%
Istanbul Turquie
91%
Beyrouth Liban
90%
Bogota Colombie
89%
Séoul Corée du Sud
89%
Tel Aviv Israël
88%
Melbourne Australie
86%
Santiago Chili
86%
Abu Dabi Émirats Arabes Unis
86%
Lausanne Suisse
86%
Doha Qatar
85%
Budapest Hongrie
84%
Osaka Japon
84%
La Mecque Arabie Saoudite
82%
Anvers Belgique
82%
Le Cap Afrique du Sud
81%
Wuhan Chine
81%
Kaboul Afghanistan
80%
Auckland Nouvelle-Zélande
77%
Cologne Allemagne
76%
Manille Philippines
76%
Glasgow Royaume-Uni
75%
Cracovie Pologne
74%
Phnom Penh Cambodge
73%
Quito Équateur
72%
Yaoundé Cameroun
70%
Kobe Japon
70%
Kinshasa République démocratique du Congo
70%
Damas Syrie
70%
Hô Chi Minh-Ville Vietnam
68%
Rosario Argentine
63%
Calcutta Inde
63%
Bangalore Inde
61%
Perth Australie
56%
Bandung Indonésie
53%
Belém Brésil
35%
Aucun quiz correspondant
Distribution des résultats
% des personnes avec chaque résultat
Percentile par nombre de réponses
Votre historique - résultats
Vous n’avez pas pris ce quiz